000 00686nam a22001937a 4500
003 OSt
005 20240910162042.0
008 240910b ||||| |||| 00| 0 eng d
040 _cAIMIT LIBRARY
100 _aB, Likhith.
_9179005
245 _aStudy on financial performance analysis of automobile company at KLN Engineering Products Pvt Ltd /
_cBy Likhith B ; Guided by N, Steevan Dsouza.
260 _aBangalore;
_c2024.
650 _aLiterature Review
_9179006
650 _aResearch methodology
_9179007
650 _aData analysis and interpretation
_9179008
700 _aN, Steevan Dsouza.
_eGuide.
_9179009
856 _3KLN Engineering Products Pvt Ltd.
942 _2ddc
_cPRO
999 _c231795
_d231795